000 01553nam a22003857a 4500
003 CHAP
005 20220719114002.0
008 070810d2007 mx r 00110 spa d
010 _a93878
011 _a94850
035 _a105449
040 _cCHAP
090 _aTesis
100 1 _aGarcía Rosales, Francisco Javier
_946554
245 1 0 _aEstudio previo de factibilidad técnico - económico y análisis mercadológico de producto para el crecimiento de la empresa Real de Luna Café en Chiconcuautla, Puebla.
_c/por García Rosales, Francisco Javier y Nava Castañeda,Gregorio Valentín
260 _aChapingo, Méx. :
_bEl autor,
_c2007
300 _a120 h.:
_bgráfs. ; cuadr. ; mapas. ;
_canexos.
502 _aTesis ( Ing , Agroindustrial ) -- UACH. Departamento de Ingenería Agroindustrial.
590 _aALEPH
_b10
_c20130110
_lUCH01
_h1519
590 _aBATCH-UPD
_b10
_c20130110
_lUCH01
_h0636
590 _aBATCH-UPD
_b10
_c20130410
_lUCH01
_h0319
590 _aBATCH-UPD
_b10
_c20130914
_lUCH01
_h0809
590 _aCONVERSION
_b10
_c20130109
_lUCH01
_h1352
650 1 4 _aCafé
_xMercadeo.
_917169
650 1 4 _aCafeticultores.
_917080
650 1 4 _aEstudios de factibilidad.
_938520
650 1 4 _aIndicadores económicos.
_957564
650 1 4 _aRecursos naturales
_xPuebla.
_995308
700 1 _aNava Castañeda, Gregorio Valentín
_980441
901 _aBK
905 _aLuisgm
942 _cFOLL
949 _aTesis
_bBC
_cTES
_d33724002027165
_eTS2
_fc.2
_h46642
_i105449
_sb
949 _aTesis
_bBC
_cTES
_d33724002027173
_eTS1
_h46641
_i105449
_sb
999 _c93878
_d93878